| 000 | 00394nam a22001697a 4500 | ||
|---|---|---|---|
| 003 | SGT | ||
| 020 | _a9781416051985 | ||
| 082 |
_a616.153 _bP12C |
||
| 100 | _aCHERRY, SIMON R. | ||
| 245 | _aPHYSICS IN NUCLEAR MEDICINE | ||
| 250 | _a4TH | ||
| 260 |
_aPHILADELPHIA _bELSEVIER PUB _c2012 |
||
| 300 | _a523 | ||
| 650 | _aRADIOLOGY | ||
| 653 | _aPHYSICS IN NUCLEAR MEDICINE | ||
| 942 |
_2ddc _cBK |
||
| 999 |
_c34285 _d34285 |
||